02349 2200817 4500001002100000005001500021035002000036650001000056650001600066245007500082264001600157090000600173020001800179020001800197020001800215020001800233020001800251020001800269020001800287020001800305020001800323020001800341020001800359020001800377020001800395020001800413008004100431082000800472084001500480250002500495260003600520300003500556700003100591700003000622505024900652990001800901990001800919990001800937990001800955990001800973990001800991990001801009990001801027990001801045990001801063990001801081990001801099990001801117990001801135990001801153990001801171990001801189990001801207990001801225990001801243990001801261990001801279990001801297990001801315990001801333990001801351990001801369990001801387990001801405990001801423990001801441990001801459990001801477990001801495990001801513INLIS00000000000381420230316030332 a0010-0619003814 4aSains 4aEnsiklopedi aJendela iptek /cpenerjemah, Nurul Larasati; penyunting, Asim Gunarwan alai Pustaka 37 a979-666-107-1 a979-666-109-8 a979-666-103-9 a979-666-112-8 a979-666-113-6 a979-666-104-7 a979-666-116-0 a979-666-111-X a979-666-110-1 a979-666-108-X a979-666-106-3 a979-666-102-0 a979-666-115-2 a979-666-117-9230316 g 0 ind  a503 aRF 503 JEN aCetakan Kedua - 2000 aJakarta :bBalai Pustaka,c2000 a16 Jilid :bilustrasi ;c30 cm0 aNurul Larasatiepenerjemah0 aAsim Gunarwanepenyunting a1. Listrik 2. Cahaya 3. Gaya dan Gerak 4. Materi 5. Energi 6. Evolusi 7. Kimia 8. Elektronika 9. Tubuh Manusia 10. Ekologi 11. Kehidupan 12. Bumi 13. Ruang dan Waktu 14. Astronomi 15. Teknologi 16. Ilmu Kedokteran. a005938.011015 a005938.011016 a005938.011016 a005938.011015 a005938.011015 a005938.011016 a005947.011052 a005938.011015 a005938.011016 a005939.011019 a005939.011020 a005940.011023 a005940.011024 a005941.011027 a005941.011028 a005942.011031 a005942.011032 a005943.011035 a005943.011036 a005945.011043 a005945.011044 a005946.011047 a005946.011048 a005947.011051 a005948.011055 a005948.011056 a005949.011059 a005949.011060 a005950.011063 a005950.011064 a005951.011067 a005951.011068 a005952.011071 a005952.011072 a005953.011075